| 000 | 00398nam a22001577a 4500 | ||
|---|---|---|---|
| 003 | OSt | ||
| 005 | 20170105102929.0 | ||
| 020 | _a9781859642207 | ||
| 040 | _a1 | ||
| 082 |
_a956 _bCOR 2010 |
||
| 100 | _aCorm, Georges | ||
| 245 |
_aA History of the Middle East _bFrom Antiquity to the Present Day _cGeorges Corm |
||
| 260 |
_aUK _bGarnet Publishing _c2010 |
||
| 300 |
_a229 p: _b22cm |
||
| 942 |
_2ddc _cBK |
||
| 999 |
_c15963 _d15963 |
||